Feminism : Opposing Viewpoints
Furkejuvvon:
| Materiálatiipa: | Girji |
|---|---|
| Giella: | Undetermined |
| Almmustuhtton: |
San Diego, Estadops Unidos:
Greenhaven
1995
|
| Fáttát: | |
| Fáddágilkorat: |
Lasit fáddágilkoriid
Eai fáddágilkorat, Lasit vuosttaš fáddágilkora!
|
MARC
| LEADER | 00000nam a2200000Ia 4500 | ||
|---|---|---|---|
| 008 | 170316s9999 xx 000 0 und d | ||
| 090 | |a 801 F-4.1f | ||
| 245 | |a Feminism : Opposing Viewpoints | ||
| 260 | |a San Diego, Estadops Unidos: | ||
| 260 | |b Greenhaven | ||
| 260 | |c 1995 | ||
| 300 | |a 239 páginas | ||
| 650 | |a TEORÍA LITERARIA | ||
| 650 | |a EN IDIOMA INGLÉS | ||
| 650 | |a FEMINISMO | ||
| 999 | |c 20280 |d 20280 | ||
| 040 | |a cru BVZT | ||
| 942 | |c 15 D |h 801 F-4.1f |2 z | ||
